Statistiques concernant Villes françaises commençant par A

Cliquez ici pour prendre le quiz!

Statistiques générales

  • Ce quiz a été pris 336 fois
  • Le résultat moyen est 6 sur 13

Statistiques - réponses

Answers% Correct
Amiens
76%
Angers
75%
Annecy
63%
Avignon
57%
Aix-en-Provence
49%
Arles
46%
Aubervilliers
45%
Ajaccio
44%
Argenteuil
40%
Antibes
32%
Antony
20%
Asnières-sur-Seine
18%
Aulnay-sous-Bois
18%

Distribution des résultats

Percentile par nombre de réponses

% des personnes avec chaque résultat

Votre développement - résultats

Vous n’avez pas pris ce quiz